Missing Word: #1 Hits of 1974 Quiz Stats

Quiz Updated Dec 15, 2014

Challenge
Share
Tweet
Embed
Score 0/23 Timer 03:00
0 Plays Today
#1 Hit Song Missing Word % Correct
The _____ We WereWay
95.4%
You Ain't Seen _____ YetNothing
95%
Bennie and the _____Jets
94.5%
Feel Like Makin' _____Love
94.5%
I Shot the _____Sheriff
94.1%
Show and _____Tell
92%
Whatever Gets You Thru the _____Night
91.7%
Kung Fu _____Fighting
89%
The _____-MotionLoco
84.4%
_____ in the CradleCat's
84.2%
Time in a _____Bottle
83.2%
Hooked on a _____Feeling
82.8%
#1 Hit Song Missing Word % Correct
_____ on the RunBand
79.3%
Seasons in the _____Sun
77.8%
The Night Chicago _____Died
75.1%
Annie's _____Song
68.4%
Billy Don't Be a _____Hero
66.3%
Rock the _____Boat
59.3%
Sunshine on My _____Shoulders
57%
Can't Get Enough of Your Love, _____Babe
51.2%
I _____ Love YouHonestly
51.1%
_____ Your BabyRock
36.2%
_____ LadyDark
18.8%

Today's Daily Dose

Word Ladder
KISS Hit

On This Day
January 22nd

You're not logged in!

Compare scores with friends on all Sporcle quizzes.
Sign Up with Email
OR
Log In

You Might Also Like...

Show Comments

Extras

Top Quizzes Today


Score Distribution

Your Account Isn't Verified!

In order to create a playlist on Sporcle, you need to verify the email address you used during registration. Go to your Sporcle Settings to finish the process.